000 00509nam a2200181Ia 4500
008 220216s9999 xx 000 0 und d
100 _aToh M
245 0 _aMixing behavior of rubber and particles in an internal mixer
260 _bProceedings of the International Rubber Conference, Kobe, Japan, 1995; p666-669
650 _aRubber mixing
650 _aVulcanisation
700 _aGondoh T
700 _aMishima M
700 _aMori T
700 _aMurakami Y
700 _aNishimi H
942 _cJS
999 _c63014
_d63014